Together (Record no. 120464)

MARC details
000 -LEADER
fixed length control field 00889cam a2200181 4500
001 - CONTROL NUMBER
control field L130663
008 - FIXED-LENGTH DATA ELEMENTS--GENERAL INFORMATION
fixed length control field 050823n 000 0 eng u
035 ## - SYSTEM CONTROL NUMBER
System control number (Sirsi) u130663
041 ## - LANGUAGE CODE
Language code of text/sound track or separate title eng
110 ## - MAIN ENTRY--CORPORATE NAME
Corporate name or jurisdiction name as entry element Home Office
9 (RLIN) 1239
245 ## - TITLE STATEMENT
Title Together
Remainder of title takling anti-social behaviour
520 ## - SUMMARY, ETC.
Summary, etc. A joint Home Office and ODPM website. Aimed at members of the public as well as practitioners in the area of anti-social behaviour. A comprehensive practitioner section as well as a search facility to find your local area coordinator. Contains an extensive library of documentation, including details of anti-social behaviour orders, and high hedges.
590 ## - LOCAL NOTE (RLIN)
Local note IKA300805
690 ## - LOCAL SUBJECT ADDED ENTRY--TOPICAL TERM (OCLC, RLIN)
Topical term or geographic name as entry element Block management
9 (RLIN) 6220
710 ## - ADDED ENTRY--CORPORATE NAME
Corporate name or jurisdiction name as entry element United Kingdom
Subordinate unit Office of the Deputy Prime Minister
856 40 - ELECTRONIC LOCATION AND ACCESS
Uniform Resource Identifier <a href="https://www.together.gov.uk">https://www.together.gov.uk</a>
Public note View the website free of charge at www.together.gov.uk...
942 ## - ADDED ENTRY ELEMENTS (KOHA)
Suppress in OPAC 0
Holdings
Withdrawn status Lost status Source of classification or shelving scheme Damaged status Not for loan Home library Current library Shelving location Date acquired Total Checkouts Full call number Barcode Date last seen Copy number Price effective from Koha item type
    Dewey Decimal Classification     Virtual Virtual Online 23/08/2005   L130663 130663-2001 06/08/2019 1 06/08/2019 Online material